000 00356 a2200109 4500
001 ART_10993
005 20260410161849.0
008 260409a
245 1 0 _aOferta de trabajo a varios sectores bajo incertidumbre e irreversibilidad
100 1 _aChisari, Omar O.
773 0 _tEconómica
_g- Año XXX, Nº 2/3 (may./dic. 1984)
_wREV7541
999 _c24836
_d24836